Witamy w Bibliotece Naukowej Instytutu Łączności!

Nowoczesny system jakości : (Rekord nr 405)

000 -LEADER
fixed length control field 01388cam a2200421 i 4500
005 - DATE AND TIME OF LATEST TRANSACTION
control field 20171212141715.0
008 - FIXED-LENGTH DATA ELEMENTS--GENERAL INFORMATION
fixed length control field 070220s1997 pl a f f |001 0 pol c
020 ## - INTERNATIONAL STANDARD BOOK NUMBER
International Standard Book Number 8386827769
035 ## - SYSTEM CONTROL NUMBER
System control number zz2007822721
039 #9 - LEVEL OF BIBLIOGRAPHIC CONTROL AND CODING DETAIL [OBSOLETE]
Level of rules in bibliographic description 201707271239
Level of effort used to assign nonsubject heading access points kopilwa
Level of effort used to assign subject headings 201412091301
Level of effort used to assign classification vub
Level of effort used to assign subject headings 201307200826
Level of effort used to assign classification vus
Level of effort used to assign subject headings 201106270152
Level of effort used to assign classification VLOAD
-- 200702201003
-- awfkr
040 ## - CATALOGING SOURCE
Original cataloging agency KR 122/TZ
Transcribing agency KR 122/TZ
Modifying agency KR 122/MN
-- Ł U/MSs
100 1# - MAIN ENTRY--PERSONAL NAME
Personal name Kolman, Romuald
Dates associated with a name (1922- ).
245 10 - TITLE STATEMENT
Title Nowoczesny system jakości :
Remainder of title poradnik dla przedsiębiorcy /
Statement of responsibility, etc Romuald Kolman, Kazimierz Krukowski.
260 ## - PUBLICATION, DISTRIBUTION, ETC. (IMPRINT)
Place of publication, distribution, etc Bydgoszcz :
Name of publisher, distributor, etc TNOiK :
-- Oficyna Wydawnicza Ośrodka Postępu Organizacyjnego,
Date of publication, distribution, etc 1997.
300 ## - PHYSICAL DESCRIPTION
Extent 389 s. :
Other physical details il. ;
Dimensions 21 cm.
490 1# - SERIES STATEMENT
Series statement Biblioteka Menedżera i Służby Pracowniczej ;
Volume number/sequential designation z. 66/97
504 ## - BIBLIOGRAPHY, ETC. NOTE
Bibliography, etc Bibliogr. s. 370-375. Indeks.
650 ## - SUBJECT ADDED ENTRY--TOPICAL TERM
Topical term or geographic name as entry element Kontrola jakości
Form subdivision poradniki.
650 ## - SUBJECT ADDED ENTRY--TOPICAL TERM
Topical term or geographic name as entry element Zapewnienie jakości
Form subdivision poradniki.
700 1# - ADDED ENTRY--PERSONAL NAME
Personal name Krukowski, Kazimierz
Titles and other words associated with a name (maszynoznawstwo).
830 #0 - SERIES ADDED ENTRY--UNIFORM TITLE
Uniform title Biblioteka Menedżera i Służby Pracowniczej (1996)
Volume number/sequential designation z. 66
982 ## - EQUIVALENCE OR CROSS-REFERENCE-SERIES STATEMENT--CONFERENCE OR MEETING NAME/TITLE [LOCAL, CANADA]
Meeting name or jurisdiction name as entry element BYDG_22
920 ## -
-- 83-86827-76-9
953 ## -
-- KR_93
961 ## -
-- WA_310 WA_M
962 ## -
-- KR_U
964 ## -
-- KR_122
966 ## -
-- POZN_U
967 ## - ADDITIONAL ESTC CODES (RLIN)
GNR (RLIN) LUBL_U
968 ## -
-- TOR_U TOR_WSB
970 ## -
-- WA_U
971 ## -
-- L_U
972 ## -
-- WR_U
973 ## -
-- KAT_001
979 ## -
-- BSTOK_U
980 ## - EQUIVALENCE OR CROSS-REFERENCE-SERIES STATEMENT--PERSONAL NAME/TITLE [LOCAL, CANADA]
Personal name SZCZ_M
Egzemplarze
Withdrawn status Lost status Source of classification or shelving scheme Damaged status Not for loan Permanent Location Current Location Shelving location Date acquired Cost, normal purchase price Inventory number Full call number Barcode Date last seen Price effective from Koha item type Public note
Wycofany       Nie do wypożyczenia Instytut Łączności Instytut Łączności Magazyn 1997-11-25 56.50 38890 38890 38890 2019-12-03 2017-11-30 Książki wycofana

Działa dzięki Koha